00462nam a22001697a 450000500170000001000130001702000260003003500130005603700100006908200120007910000170009124500310010826000510013927000530019030000290024350000200027220110926143334.0 aG-001481 c295.00a97881272486731daG-001481 bGift  a576.139 aSingh, B.D.  aGenetics /cby B.D. Singh  aNew Delhi bKalyani Publishers c2011(repr.).  a4779, Ansari Raod, DaryaganjbNew Delhi e110002 axxix, 823p. c26cm(pbk)  aIncludes index